[Event "Champ FRA - Under 8"]
[Site "Europe Echecs"]
[Date "2020.07.06"]
[Round "8"]
[Time "17:18:10"]
[PlyCount "61"]
[White "RogerAolis"]
[Black "VoglerRomain"]
[WhiteElo "1098"]
[BlackElo "1171"]
[Mode "WEB"]
[Result "0-1"]

1. e4 c5 2. c3 d6 3. d4 Nd7 4. Bb5 a6 5. Qa4 b6 6. Bc6 Rb8 7. dxc5 bxc5 8. Nf3
Bb7 9. Bxb7 Rxb7 10. Qxa6 Qb6 11. Qa8+ Rb8 12. Qd5 Ngf6 13. Qd3 g6 14. Nbd2 Bg7
15. Nc4 Qc6 16. e5 Qe4+ 17. Qe3 Qxe3+ 18. Bxe3 Nd5 19. O-O-O N5b6 20. Nxb6 Rxb6
21. exd6 Rxd6 22. Rhe1 O-O 23. Bg5 f6 24. Bf4 Rxd1+ 25. Rxd1 Ne5 26. Nxe5 fxe5
27. Be3 e4 28. Bxc5 Bf6 29. Rd7 Re8 30. Kd2 Bg5+ {RogerAolis a perdu au temps} 0-1

[Event "Champ FRA - Under 8"]
[Site "Europe Echecs"]
[Date "2020.07.06"]
[Round "8"]
[Time "17:18:10"]
[PlyCount "129"]
[White "LetellierTimot"]
[Black "LandolsiIyad"]
[WhiteElo "1027"]
[BlackElo "1158"]
[Mode "WEB"]
[Result "0-1"]

1. e4 c5 2. Nf3 Nc6 3. d4 cxd4 4. Nxd4 g6 5. Nc3 Bg7 6. Nxc6 bxc6 7. Be2 e6 8.
O-O Ne7 9. Be3 O-O 10. Qd2 Rb8 11. Rab1 Rb7 12. Ba6 Rc7 13. Bxc8 Qxc8 14. Bf4
Rb7 15. Na4 d5 16. Nc5 Rb5 17. Bd6 Re8 18. Bxe7 Rxe7 19. Nd3 dxe4 20. Nb4 c5 21.
Qd6 Rd7 22. Qa6 Rxb4 23. Qa3 Rdb7 24. b3 c4 25. Qa6 cxb3 26. cxb3 Rc7 27. Qa3
Rd4 28. Rfc1 Rxc1+ 29. Rxc1 Qd7 30. Rf1 Rd1 31. Qa6 Rxf1+ 32. Qxf1 Qd3 33. Qc1
Qc3 34. Qd1 e3 35. fxe3 Qxe3+ 36. Kf1 Qf4+ 37. Kg1 Bd4+ 38. Kh1 Be5 39. g3 Qh6
40. Qe1 Bc7 41. Qf2 Qc1+ 42. Kg2 Qc6+ 43. Kg1 Bb6 44. Qxb6 Qxb6+ 45. Kg2 Qa6 46.
Kh3 Qxa2 47. Kh4 Qxh2+ 48. Kg4 f5+ 49. Kg5 Qh5+ 50. Kf6 Qh6 51. Ke5 Qe3+ 52. Kf6
Kf8 53. g4 Qd4+ 54. Kg5 Qxg4+ 55. Kf6 Qd4+ 56. Kg5 h6+ 57. Kxh6 Qh4+ 58. Kxg6 f4
59. b4 Ke8 60. b5 f3 61. b6 axb6 62. Kg7 f2 63. Kg6 f1=Q 64. Kg7 Qf7# {LetellierTimot est échec et mat} 0-1

[Event "Champ FRA - Under 8"]
[Site "Europe Echecs"]
[Date "2020.07.06"]
[Round "8"]
[Time "17:18:10"]
[PlyCount "53"]
[White "TranAmarAndy"]
[Black "LazignacAslany"]
[WhiteElo "1154"]
[BlackElo "799"]
[Mode "WEB"]
[Result "1/2-1/2"]

1. d4 d5 2. c4 dxc4 3. e4 e5 4. d5 Nf6 5. Nc3 Bd7 6. Bxc4 Bc5 7. Nf3 O-O 8. Nxe5
Bb4 9. Nxd7 Qxd7 10. O-O Qd6 11. Re1 Nbd7 12. Qf3 Ne5 13. Bb3 Nxf3+ 14. gxf3 Qe5
15. Kh1 Qh5 16. Rg1 Qxf3+ 17. Rg2 Bxc3 18. bxc3 Nxe4 19. Kg1 a5 20. Bh6 a4 21.
Bc2 Nd2 22. Bxg7 Rfe8 23. Bh6+ Kh8 24. Bg7+ Kg8 25. Bh6+ Kh8 26. Bg7+ Kg8 {Nulle par répétition} 1/2-1/2

[Event "Champ FRA - Under 8"]
[Site "Europe Echecs"]
[Date "2020.07.06"]
[Round "8"]
[Time "17:18:10"]
[PlyCount "131"]
[White "KeyrillosGabri"]
[Black "MartellierAnto"]
[WhiteElo "1044"]
[BlackElo "1262"]
[Mode "WEB"]
[Result "0-1"]

1. d4 Nf6 2. Nf3 e6 3. Nc3 Bb4 4. a3 Ba5 5. b4 Bb6 6. e4 d5 7. exd5 Nxd5 8. Nxd5
Qxd5 9. c4 Nc6 10. cxd5 exd5 11. Bc4 dxc4 12. Qe2+ Kd8 13. Qxc4 Re8+ 14. Be3 Be6
15. Qc3 Re7 16. O-O-O Rd7 17. Nd2 Bxd4 18. Bxd4 Nxd4 19. Nf3 Ne2+ 20. Kc2 Nxc3
21. Rxd7+ Kxd7 22. Kxc3 Rc8 23. Rd1+ Ke7 24. Re1 c5 25. bxc5 Rxc5+ 26. Kd4 Rd5+
27. Kc4 Rd1+ 28. Kc3 Rxe1 29. Nxe1 Bd5 30. g4 Be6 31. h3 Kf6 32. Kd4 Kg5 33. Ng2
Bd7 34. Ke3 Bc6 35. f4+ Kf6 36. Kf2 Bxg2 37. Kxg2 Ke6 38. Kf2 a5 39. Ke3 b5 40.
Kd4 Kd6 41. f5 b4 42. axb4 axb4 43. Kc4 Ke5 44. Kxb4 Kf4 45. Kc4 Kg3 46. Kd4
Kxh3 47. Ke4 Kxg4 48. Ke5 h5 49. Ke4 h4 50. f6 gxf6 51. Ke3 f5 52. Kf2 f4 53.
Kg2 f3+ 54. Kf2 h3 55. Kg1 Kg3 56. Kh1 f5 57. Kg1 f2+ 58. Kf1 h2 59. Ke2 h1=Q
60. Ke3 f1=Q 61. Kd4 Qd1+ 62. Ke5 Qe4+ 63. Kf6 Kg4 64. Kf7 Qd7+ 65. Kf6 Qee6# {KeyrillosGabri est échec et mat} 0-1

[Event "Champ FRA - Under 8"]
[Site "Europe Echecs"]
[Date "2020.07.06"]
[Round "8"]
[Time "17:18:10"]
[PlyCount "75"]
[White "PerrinStephane"]
[Black "NicotValentin"]
[WhiteElo "1260"]
[BlackElo "1041"]
[Mode "WEB"]
[Result "0-1"]

1. e4 c5 2. c3 Nc6 3. d4 cxd4 4. cxd4 d5 5. Nc3 dxe4 6. Nxe4 Nxd4 7. Bc4 e6 8.
Bf4 Bb4+ 9. Bd2 Bxd2+ 10. Qxd2 Nf6 11. Nf3 Nxe4 12. Qd3 Nxf3+ 13. Qxf3 Nd2 14.
Qh5 Nxc4 15. Qb5+ Bd7 16. Qxc4 Qa5+ 17. b4 Qe5+ 18. Qe2 Qxa1+ 19. Qd1 Qxd1+ 20.
Kxd1 Rc8 21. Re1 O-O 22. Re3 Rfd8 23. Ke2 Bb5+ 24. Kf3 Bc6+ 25. Kg3 Rd5 26. h3
Rg5+ 27. Kh2 Rxg2+ 28. Kh1 Rxf2+ 29. Kg1 Rxa2 30. Kf1 Rd8 31. Re1 Bg2+ 32. Kg1
Bxh3 33. Kh1 Rdd2 34. Kg1 Rg2+ 35. Kh1 Rh2+ 36. Kg1 Rag2+ 37. Kf1 Rh1# {PerrinStephane est échec et mat} 0-1

[Event "Champ FRA - Under 8"]
[Site "Europe Echecs"]
[Date "2020.07.06"]
[Round "8"]
[Time "17:18:10"]
[PlyCount "72"]
[White "TchaplyguineNi"]
[Black "EboueZacharie"]
[WhiteElo "1090"]
[BlackElo "1500"]
[Mode "WEB"]
[Result "1-0"]

1. d4 d5 2. c4 Nf6 3. e3 Nc6 4. Nc3 e6 5. Bd2 Bd6 6. Bd3 Bd7 7. Nge2 O-O 8. h3
b6 9. O-O Ne4 10. cxd5 exd5 11. Nxd5 Qg5 12. Bxe4 Bxh3 13. Ng3 Bxg3 14. fxg3
Qxg3 15. Qf3 Qxf3 16. Rf2 Qxe4 17. Nxc7 Rad8 18. gxh3 Rd6 19. Rf4 Rg6+ 20. Rg4
Rxg4+ 21. hxg4 Qxg4+ 22. Kf2 Rc8 23. Bc3 Rxc7 24. d5 Ne7 25. d6 Rd7 26. dxe7
Rxe7 27. Rd1 h6 28. Rg1 Qf5+ 29. Ke2 Qh5+ 30. Kf2 Qh2+ 31. Kf1 g6 32. Rg2 Qd6
33. Rd2 Qf6+ 34. Bxf6 Rxe3 35. Rd8+ Kh7 36. Rh8# {EboueZacharie est échec et mat} 1-0

[Event "Champ FRA - Under 8"]
[Site "Europe Echecs"]
[Date "2020.07.06"]
[Round "8"]
[Time "17:18:10"]
[PlyCount "89"]
[White "ArnouldMaxime"]
[Black "SinivassaneNil"]
[WhiteElo "1450"]
[BlackElo "980"]
[Mode "WEB"]
[Result "0-1"]

1. e4 e5 2. Nf3 Nc6 3. Bc4 Bc5 4. c3 Nf6 5. d4 exd4 6. e5 Ne4 7. cxd4 Bb4+ 8.
Bd2 Bxd2+ 9. Nbxd2 Nxd2 10. Qxd2 O-O 11. O-O h6 12. d5 Ne7 13. d6 cxd6 14. exd6
Nf5 15. Qd3 Qf6 16. Rfd1 b6 17. Bb3 Bb7 18. Bc2 g6 19. Qc3 Qxc3 20. bxc3 Bxf3
21. gxf3 Rfe8 22. Bxf5 gxf5 23. Rd5 f4 24. Rf5 Rac8 25. Rxf4 Rxc3 26. Rg4+ Kh7
27. Kg2 Re6 28. Rg1 Rxd6 29. Kh1 Rg6 30. f4 Rxg4 31. Rxg4 f5 32. Rh4 d5 33. Rh5
d4 34. Kg1 d3 35. Kf1 d2 36. Rxf5 d1=Q+ 37. Kg2 Qg4+ 38. Kf1 Qxf5 39. Ke2 Qxf4
40. f3 Qe3+ 41. Kf1 Rc1+ 42. Kg2 Qg5+ 43. Kf2 Rc2+ 44. Kf1 Qc1# {ArnouldMaxime est échec et mat} 0-1

[Event "Champ FRA - Under 8"]
[Site "Europe Echecs"]
[Date "2020.07.06"]
[Round "8"]
[Time "17:18:10"]
[PlyCount "39"]
[White "RoganovaJeremy"]
[Black "CerclierAxel"]
[WhiteElo "1020"]
[BlackElo "1440"]
[Mode "WEB"]
[Result "0-1"]

1. e4 e5 2. Nf3 Nc6 3. Bc4 Nf6 4. Ng5 d5 5. exd5 Bg4 6. f3 Bh5 7. O-O Nd4 8. d6
Bxd6 9. Nxf7 Qe7 10. Nxh8 O-O-O 11. Nf7 Bxf7 12. Bxf7 Qxf7 13. c3 Nf5 14. d4
exd4 15. cxd4 Qg6 16. Nc3 Nh4 17. g3 Bxg3 18. hxg3 Qxg3+ 19. Kh1 Qg2# {RoganovaJeremy est échec et mat} 0-1

[Event "Champ FRA - Under 8"]
[Site "Europe Echecs"]
[Date "2020.07.06"]
[Round "8"]
[Time "17:18:10"]
[PlyCount "54"]
[White "PerrinJulian"]
[Black "GrondinNathan"]
[WhiteElo "1050"]
[BlackElo "1300"]
[Mode "WEB"]
[Result "1-0"]

1. d4 d5 2. c4 c6 3. Nf3 e6 4. Bf4 Nf6 5. Nc3 Bb4 6. e3 h6 7. cxd5 cxd5 8. Bb5+
Bd7 9. Bxd7+ Nbxd7 10. O-O O-O 11. a3 Bxc3 12. bxc3 Ne4 13. Qc2 Nef6 14. Rab1
Qa5 15. Rxb7 Qxa3 16. Rb3 Qe7 17. c4 dxc4 18. Qxc4 Nb6 19. Qa6 Nbd5 20. Bd6 Qd7
21. Bxf8 Rxf8 22. Rb7 Qc8 23. Qxa7 Qc3 24. h3 Rc8 25. Rxf7 Qc6 26. Rxg7+ Kf8 27.
Qf7# {GrondinNathan est échec et mat} 1-0

[Event "Champ FRA - Under 8"]
[Site "Europe Echecs"]
[Date "2020.07.06"]
[Round "8"]
[Time "17:18:10"]
[PlyCount "78"]
[White "DoucetPaulLoup"]
[Black "SteinmetzBapti"]
[WhiteElo "1060"]
[BlackElo "1290"]
[Mode "WEB"]
[Result "0-1"]

1. e4 c5 2. Nc3 Nc6 3. Nf3 d6 4. g3 Nf6 5. Bg2 g6 6. O-O Bg7 7. d4 cxd4 8. Nxd4
Bg4 9. Bf3 Bh3 10. Re1 O-O 11. Nxc6 bxc6 12. Bg5 h6 13. Bxf6 Bxf6 14. e5 Bxe5
15. Bg2 Bxg2 16. Kxg2 Bg7 17. Qf3 Rc8 18. Rab1 Qd7 19. Ne4 d5 20. Nc3 d4 21. Ne4
f5 22. Nc5 Qd6 23. b4 a5 24. Nb7 Qc7 25. Nc5 axb4 26. Ne6 Qd6 27. Nxf8 Rxf8 28.
g4 fxg4 29. Qxg4 Qd5+ 30. Kg1 Rf5 31. Qxg6 Rg5+ 32. Kf1 Rxg6 33. Rxe7 Qh1+ 34.
Ke2 Qxb1 35. Re8+ Kf7 36. Rc8 Qxc2+ 37. Kf3 Rf6+ 38. Kg3 Qxf2+ 39. Kh3 {DoucetPaulLoup a abandonné} 0-1

[Event "Champ FRA - Under 8"]
[Site "Europe Echecs"]
[Date "2020.07.06"]
[Round "8"]
[Time "17:18:10"]
[PlyCount "86"]
[White "ManvieuPaul"]
[Black "RobbeHugo"]
[WhiteElo "1018"]
[BlackElo "1270"]
[Mode "WEB"]
[Result "1-0"]

1. e4 e5 2. Nf3 Nc6 3. d4 exd4 4. Nxd4 Nxd4 5. Qxd4 Nf6 6. e5 Nh5 7. g4 Nf6 8.
exf6 Qxf6 9. Qxf6 gxf6 10. Nc3 Bc5 11. Bd2 d6 12. Bg2 Bxg4 13. f3 Bf5 14. O-O-O
Rg8 15. Bf1 b6 16. Bc4 Be6 17. Bxe6 fxe6 18. Rde1 Ke7 19. Re2 Rg7 20. Rhe1 e5
21. f4 Rag8 22. fxe5 dxe5 23. Nd5+ Kd7 24. Nxf6+ Ke6 25. Nxg8 Kf7 26. Nh6+ Ke8
27. Rxe5+ Be7 28. Nf5 Rg5 29. Rxe7+ Kd8 30. Re8+ Kd7 31. R1e7+ Kc6 32. Nd4+ Kb7
33. Rxh7 a6 34. Ree7 Ka8 35. b3 Rg4 36. Rxc7 Rg8 37. Ra7+ Kb8 38. Nc6+ Kc8 39.
Ne7+ Kb8 40. Nxg8 Kc8 41. Nf6 Kb8 42. Rag7 Kc8 43. Rh8# {RobbeHugo est échec et mat} 1-0

[Event "Champ FRA - Under 8"]
[Site "Europe Echecs"]
[Date "2020.07.06"]
[Round "8"]
[Time "17:18:10"]
[PlyCount "157"]
[White "NottperaltaGab"]
[Black "MoreauKenan"]
[WhiteElo "1231"]
[BlackElo "820"]
[Mode "WEB"]
[Result "0-1"]

1. e4 e5 2. Nf3 Nc6 3. d4 exd4 4. Nxd4 Nf6 5. Nc3 Bb4 6. Bd2 Bxc3 7. Bxc3 Nxe4
8. Qe2 Qe7 9. O-O-O Nxc3 10. Qxe7+ Nxe7 11. bxc3 O-O 12. Re1 Nd5 13. c4 Nf6 14.
Nb5 c6 15. Nc7 Rb8 16. Be2 d6 17. Bd3 Bd7 18. h4 Rfc8 19. h5 Rxc7 20. h6 g6 21.
Rh4 Re8 22. Rd1 Be6 23. Rf4 Nd7 24. Rh1 Ne5 25. Be2 d5 26. c5 b6 27. cxb6 axb6
28. g4 Ra7 29. a4 Rea8 30. a5 Rxa5 31. g5 Ra1+ 32. Kd2 Rxh1 33. Rf6 Rh2 34. Ke1
Ra1+ 35. Kd2 Rxf2 36. Rxf2 Bf5 37. Bd1 Nc4+ 38. Ke1 Bg4 39. Kf1 Rxd1+ 40. Kg2
Rd2 41. Rxd2 Nxd2 42. Kf2 Kf8 43. Ke3 Nb3 44. cxb3 Ke7 45. Kd3 Ke6 46. Kd4 Kf5
47. Kc3 Kxg5 48. Kb4 Kxh6 49. Ka4 f5 50. Kb4 f4 51. Kc3 f3 52. Kd2 f2 53. b4
f1=Q 54. Ke3 Qf3+ 55. Kd4 Qf4+ 56. Kc3 Qc4+ 57. Kd2 Bf3 58. Ke1 g5 59. Kd2 g4
60. Ke3 g3 61. Kxf3 g2 62. Kxg2 d4 63. Kf2 d3 64. Ke1 d2+ 65. Kxd2 Kg6 66. Ke3
h6 67. Kf3 h5 68. Kg3 h4+ 69. Kf2 h3 70. Kg3 Qf1 71. b5 h2 72. Kxh2 cxb5 73. Kg3
b4 74. Kh4 b3 75. Kg3 b2 76. Kh2 b1=Q 77. Kg3 Qb3+ 78. Kh4 Qf4# {NottperaltaGab est échec et mat} 0-1

[Event "Champ FRA - Under 8"]
[Site "Europe Echecs"]
[Date "2020.07.06"]
[Round "8"]
[Time "17:18:10"]
[PlyCount "40"]
[White "AnseeuwEmma"]
[Black "FeretGabriel"]
[WhiteElo "1228"]
[BlackElo "799"]
[Mode "WEB"]
[Result "1-0"]

1. e4 e5 2. Nf3 Nc6 3. Nc3 Bc5 4. Bc4 d6 5. O-O Nf6 6. h3 O-O 7. a3 Nd4 8. Nxd4
exd4 9. Nd5 Nxd5 10. Bxd5 h6 11. c3 dxc3 12. dxc3 c6 13. Bc4 d5 14. exd5 cxd5
15. Bxd5 b6 16. Bxa8 Bd7 17. Be4 a5 18. Bc2 b5 19. Qd3 Be7 20. Qh7# {FeretGabriel est échec et mat} 1-0

[Event "Champ FRA - Under 8"]
[Site "Europe Echecs"]
[Date "2020.07.06"]
[Round "8"]
[Time "17:18:10"]
[PlyCount "25"]
[White "Cadilhacseffin"]
[Black "LefolMarius"]
[WhiteElo "1130"]
[BlackElo "799"]
[Mode "WEB"]
[Result "0-1"]

1. e4 e6 2. Nf3 d5 3. Nc3 Nf6 4. Bd3 Be7 5. Ng5 h6 6. Bb5+ c6 7. Bxc6+ Nxc6 8.
O-O hxg5 9. exd5 exd5 10. Nb5 a6 11. Nd6+ Qxd6 12. Qe2 Qxh2# {Cadilhacseffin est échec et mat} 0-1

[Event "Champ FRA - Under 8"]
[Site "Europe Echecs"]
[Date "2020.07.06"]
[Round "8"]
[Time "17:18:10"]
[PlyCount "113"]
[White "CosynsJean"]
[Black "LeoniMathis"]
[WhiteElo "1130"]
[BlackElo "799"]
[Mode "WEB"]
[Result "0-1"]

1. e4 e5 2. Nf3 Nc6 3. d4 exd4 4. Nxd4 Nxd4 5. Qxd4 Nf6 6. e5 Ng8 7. Nc3 c5 8.
Qd3 f6 9. exf6 Nxf6 10. Bg5 Be7 11. Be2 O-O 12. O-O Re8 13. Qh3 d5 14. Qh4 Ne4
15. Bxe7 Qxe7 16. Qxe7 Rxe7 17. Nxe4 dxe4 18. Bc4+ Be6 19. Bxe6+ Rxe6 20. b3 b5
21. a4 b4 22. f3 e3 23. Rfe1 Rae8 24. g3 e2 25. f4 Re3 26. Kf2 a5 27. h4 h6 28.
Rac1 Kh7 29. Rb1 g5 30. hxg5 hxg5 31. fxg5 Kg6 32. Rbc1 Kxg5 33. Rb1 Kg4 34.
Rbc1 Rf3+ 35. Kg2 Rxg3+ 36. Kf2 Rf3+ 37. Kg2 Ree3 38. Rb1 Rg3+ 39. Kf2 Rgf3+ 40.
Kg2 Rf4 41. Rbc1 Ref3 42. Rxe2 Rf8 43. Re4+ R8f4 44. Re5 Rf2+ 45. Kg1 Kg3 46.
Rxc5 Rh4 47. Rxa5 Rhh2 48. Rg5+ Kf4 49. Rb5 Rhg2+ 50. Kh1 Rf3 51. Rxb4+ Kg3 52.
a5 Rff2 53. a6 Rh2+ 54. Kg1 Rf8 55. Rf1 Rfh8 56. Rbf4 Rh1# {CosynsJean est échec et mat} 0-1

[Event "Champ FRA - Under 8"]
[Site "Europe Echecs"]
[Date "2020.07.06"]
[Round "8"]
[Time "17:18:10"]
[PlyCount "103"]
[White "GlonTombiAmbas"]
[Black "KennelArsene"]
[WhiteElo "920"]
[BlackElo "1110"]
[Mode "WEB"]
[Result "0-1"]

1. e4 d5 2. Nc3 d4 3. Nce2 e5 4. Ng3 Bc5 5. Bc4 Nf6 6. N1e2 Nc6 7. O-O Be6 8.
Bxe6 fxe6 9. d3 O-O 10. Bg5 Qe8 11. Qd2 Qf7 12. Bxf6 Qxf6 13. Nh5 Qh4 14. Nhg3
Rf6 15. Nc1 Raf8 16. Nb3 Be7 17. Qe2 Rh6 18. h3 Rff6 19. Rad1 Rfg6 20. c3 Qf4
21. Rd2 Bh4 22. Qf3 Qg5 23. Re1 Bxg3 24. Qxg3 Qxg3 25. fxg3 Rxg3 26. Rf1 Rhxh3
27. Rff2 Rh4 28. Rd1 Rhg4 29. Rdf1 h6 30. Rf8+ Kh7 31. R1f2 Rxd3 32. Nc5 Rd1+
33. Kh2 d3 34. Nb3 Rxe4 35. Rd2 Rxd2 36. Nxd2 Re2 37. Nc4 d2 38. Nxd2 Rxd2 39.
b4 Rxa2 40. b5 Na5 41. Kg3 Ra3 42. Re8 Rxc3+ 43. Kg4 Rc4+ 44. Kf3 Rc5 45. Rxe6
Rxb5 46. Kg4 c5 47. Re7 c4 48. Rc7 Rb4 49. Rc8 c3+ 50. Kf5 Rc4 51. Rxc4 Nxc4 {GlonTombiAmbas a perdu au temps} 0-1

[Event "Champ FRA - Under 8"]
[Site "Europe Echecs"]
[Date "2020.07.06"]
[Round "8"]
[Time "17:18:10"]
[PlyCount "38"]
[White "YuEtan"]
[Black "LeBlevecYelise"]
[WhiteElo "960"]
[BlackElo "1107"]
[Mode "WEB"]
[Result "1-0"]

1. e4 e5 2. Nf3 Nf6 3. Nc3 Nc6 4. Bc4 Bc5 5. O-O O-O 6. d3 d6 7. h3 Bd7 8. Bg5
h6 9. Bh4 a6 10. a3 b5 11. Ba2 Bb6 12. Nd5 g5 13. Nxg5 Nxd5 14. Ne6 Qxh4 15.
Nxf8 Kxf8 16. exd5 Ne7 17. Qf3 c6 18. dxc6 Bxc6 19. Qxf7# {LeBlevecYelise est échec et mat} 1-0

[Event "Champ FRA - Under 8"]
[Site "Europe Echecs"]
[Date "2020.07.06"]
[Round "8"]
[Time "17:18:10"]
[PlyCount "40"]
[White "DaoAnna"]
[Black "LarroumetsAugu"]
[WhiteElo "799"]
[BlackElo "1090"]
[Mode "WEB"]
[Result "1-0"]

1. e4 e5 2. Nf3 Nf6 3. Nc3 Nc6 4. Bc4 Bc5 5. d3 d6 6. Bg5 h6 7. Bh4 Nd4 8. Nxd4
Bxd4 9. Nd5 c6 10. Nxf6+ gxf6 11. c3 Bc5 12. Qf3 h5 13. Bxf6 Qd7 14. Bxh8 b5 15.
Bb3 a5 16. Qxh5 a4 17. Bc2 b4 18. Bf6 Qe6 19. Qh8+ Kd7 20. Qd8# {LarroumetsAugu est échec et mat} 1-0

[Event "Champ FRA - Under 8"]
[Site "Europe Echecs"]
[Date "2020.07.06"]
[Round "8"]
[Time "17:18:10"]
[PlyCount "66"]
[White "KhantalinIrakl"]
[Black "GriffonLoris"]
[WhiteElo "799"]
[BlackElo "1200"]
[Mode "WEB"]
[Result "1-0"]

1. e4 e5 2. Nf3 Nc6 3. Nc3 Nf6 4. Bc4 Bc5 5. O-O O-O 6. d3 d5 7. exd5 Be6 8.
dxe6 fxe6 9. Bxe6+ Kh8 10. Bg5 Re8 11. Bxf6 Rxe6 12. Bxd8 Rxd8 13. Ng5 Rg6 14.
Nf7+ Kg8 15. Nxd8 Nxd8 16. a3 Ne6 17. g3 Nd4 18. b4 Bd6 19. Rb1 Be7 20. a4 Rc6
21. Nb5 a6 22. Nxd4 Rc3 23. Nf5 Bxb4 24. Rxb4 a5 25. Rxb7 g6 26. Ne7+ Kf7 27.
Nd5 Ke6 28. Nxc3 c5 29. Qg4+ Kd6 30. Rb5 h5 31. Qxg6+ Ke7 32. Rb7+ Kd8 33. Qg8# {GriffonLoris est échec et mat} 1-0

[Event "Champ FRA - Under 8"]
[Site "Europe Echecs"]
[Date "2020.07.06"]
[Round "8"]
[Time "17:18:10"]
[PlyCount "55"]
[White "NicolettiLouis"]
[Black "CarnetAnaelle"]
[WhiteElo "799"]
[BlackElo "1160"]
[Mode "WEB"]
[Result "0-1"]

1. e4 d5 2. exd5 Nf6 3. Bc4 e6 4. dxe6 fxe6 5. d3 Nc6 6. Bg5 Be7 7. Bxf6 Bxf6 8.
f4 Bxb2 9. f5 Bxa1 10. fxe6 Bf6 11. Qh5+ g6 12. Qf3 Nb4 13. g4 Qe7 14. g5 Bxg5
15. Qf7+ Kd8 16. Nc3 Nxc2+ 17. Kd1 Ne3+ 18. Ke2 Ng2 19. Nd5 Qa3 20. e7+ Bxe7 21.
Nxe7 Qxe7+ 22. Qxe7+ Kxe7 23. Kf3 Ne1+ 24. Ke2 Nc2 25. Nf3 Bg4 26. Rf1 Rhe8 27.
Rg1 Kd6+ {NicolettiLouis a abandonné} 0-1

[Event "Champ FRA - Under 8"]
[Site "Europe Echecs"]
[Date "2020.07.06"]
[Round "8"]
[Time "17:18:10"]
[PlyCount "58"]
[White "GhesquiereLoui"]
[Black "MoreauBaptiste"]
[WhiteElo "1160"]
[BlackElo "1020"]
[Mode "WEB"]
[Result "1-0"]

1. d4 d5 2. c4 c6 3. e3 Nf6 4. c5 Bf5 5. Bd3 Bxd3 6. Qxd3 Nbd7 7. Nf3 b6 8. cxb6
Nxb6 9. O-O e6 10. Ne5 Qc7 11. Nc3 c5 12. Nb5 Qb7 13. dxc5 Bxc5 14. a3 O-O 15.
b4 Be7 16. Bb2 a6 17. Nd4 Bd6 18. Nec6 e5 19. Rac1 exd4 20. Bxd4 Nc4 21. Na5
Nxa5 22. bxa5 Qe7 23. Bxf6 Qxf6 24. f4 Rfe8 25. Rc6 Re6 26. f5 Re4 27. Qxd5 Rd8
28. Qxe4 Bxa3 29. Rxf6 {MoreauBaptiste a abandonné} 1-0

[Event "Champ FRA - Under 8"]
[Site "Europe Echecs"]
[Date "2020.07.06"]
[Round "8"]
[Time "17:18:10"]
[PlyCount "30"]
[White "RodriguezAntoi"]
[Black "SchluppLea"]
[WhiteElo "1110"]
[BlackElo "960"]
[Mode "WEB"]
[Result "1-0"]

1. e4 e5 2. Nf3 Nc6 3. d4 d5 4. Nxe5 dxe4 5. Nxc6 bxc6 6. Nc3 Nf6 7. Bg5 Bg4 8.
Bxf6 Qxf6 9. Qxg4 Be7 10. Qxe4 O-O 11. d5 cxd5 12. Nxd5 Qg5 13. Nxe7+ Kh8 14.
Bd3 Rae8 15. Qxh7# {SchluppLea est échec et mat} 1-0

[Event "Champ FRA - Under 8"]
[Site "Europe Echecs"]
[Date "2020.07.06"]
[Round "8"]
[Time "17:18:10"]
[PlyCount "125"]
[White "JarryEliot"]
[Black "ChevillonInes"]
[WhiteElo "890"]
[BlackElo "1060"]
[Mode "WEB"]
[Result "1/2-1/2"]

1. e4 e5 2. Bc4 Nf6 3. d3 Bc5 4. Nf3 d6 5. O-O O-O 6. Bg5 h6 7. Bxf6 Qxf6 8.
Nfd2 Be6 9. Bxe6 Qxe6 10. Nc3 Bd4 11. Nb5 Qe7 12. c3 Bc5 13. Nb3 Qd7 14. c4 a6
15. Nc3 Bd4 16. Nxd4 exd4 17. Ne2 c5 18. Re1 Qd8 19. h3 b5 20. b3 bxc4 21. bxc4
Nc6 22. Nf4 a5 23. Nd5 Ne7 24. Nxe7+ Qxe7 25. Qa4 Qe8 26. Qxe8 Rfxe8 27. Re2 a4
28. Rae1 a3 29. e5 dxe5 30. Rxe5 Rxe5 31. Rxe5 Rb8 32. Rxc5 Rb1+ 33. Kh2 Ra1 34.
Rd5 Rxa2 35. Rxd4 Rxf2 36. c5 a2 37. Ra4 Kf8 38. c6 Ke8 39. Ra7 Kd8 40. c7+ Kc8
41. d4 a1=Q 42. Rxa1 Kxc7 43. Rd1 Rf5 44. d5 Kd6 45. g4 Rxd5 46. Rxd5+ Kxd5 47.
Kg3 Ke6 48. Kf4 g5+ 49. Kg3 f5 50. gxf5+ Kxf5 51. Kf3 h5 52. Kg3 h4+ 53. Kh2 g4
54. hxg4+ Kxg4 55. Kh1 Kg3 56. Kg1 h3 57. Kh1 Kg4 58. Kh2 Kh4 59. Kg1 Kg3 60.
Kh1 Kh4 61. Kh2 Kg4 62. Kg1 Kg3 {Nulle par répétition} 1/2-1/2

[Event "Champ FRA - Under 8"]
[Site "Europe Echecs"]
[Date "2020.07.06"]
[Round "8"]
[Time "17:18:10"]
[PlyCount "57"]
[White "MauryTom"]
[Black "GanbatTushig"]
[WhiteElo "1240"]
[BlackElo "799"]
[Mode "WEB"]
[Result "0-1"]

1. e4 e5 2. Nf3 Nc6 3. Bc4 Bc5 4. c3 Nf6 5. d4 exd4 6. cxd4 Bb4+ 7. Bd2 Bxd2+ 8.
Nbxd2 d5 9. exd5 Nxd5 10. Qe2+ Be6 11. Bxd5 Qd7 12. Bxc6 Qxc6 13. d5 Qd7 14.
dxe6 Qxe6 15. Qxe6+ fxe6 16. O-O O-O 17. Rac1 c6 18. Rfe1 Rae8 19. Ng5 e5 20.
Ndf3 h6 21. Rxe5 Rxe5 22. Nxe5 hxg5 23. Re1 Rd8 24. Nf3 g4 25. Ne5 Rd2 26. Nxg4
Rxb2 27. Re8+ Kh7 28. Rb8 Rb1# {MauryTom est échec et mat} 0-1

[Event "Champ FRA - Under 8"]
[Site "Europe Echecs"]
[Date "2020.07.06"]
[Round "8"]
[Time "17:18:10"]
[PlyCount "138"]
[White "BocheNicolay"]
[Black "RichardAlexis"]
[WhiteElo "960"]
[BlackElo "1250"]
[Mode "WEB"]
[Result "1/2-1/2"]

1. e4 e5 2. Nf3 Bc5 3. Be2 Nc6 4. O-O Nf6 5. Bb5 O-O 6. Bxc6 dxc6 7. Nxe5 Qe7 8.
Nf3 Bg4 9. e5 Bxf3 10. exf6 Bxd1 11. fxe7 Bxe7 12. Rxd1 Rad8 13. d3 Bf6 14. Nc3
b5 15. Bf4 b4 16. Ne4 Bxb2 17. Rab1 Bd4 18. Bxc7 Rd7 19. Rxb4 Bc3 20. Nxc3 Rxc7
21. Rc4 Rfc8 22. Rc5 h5 23. d4 a6 24. d5 cxd5 25. Rxc7 Rxc7 26. Nxd5 Rxc2 27.
Nb4 Rb2 28. Nxa6 Rxa2 29. Nb4 Rb2 30. Nd3 Rb3 31. Nc5 Rc3 32. Ne4 Rc4 33. Ng3
Rc3 34. Nxh5 g6 35. Nf6+ Kg7 36. Ne4 Rc4 37. Nd6 Rc6 38. Ne4 Rc4 39. Ng5 f6 40.
Ne6+ Kf7 41. Nd8+ Ke8 42. Ne6 Re4 43. Nc5 Re5 44. Nd7 Re7 45. Nxf6+ Kf7 46. Nd7
Ke6 47. Nc5+ Ke5 48. Re1+ Kd6 49. Rxe7 Kxe7 50. Ne4 Ke6 51. h4 Kf5 52. Nd6+ Ke6
53. Ne8 Ke7 54. Ng7 Kf7 55. Nh5 gxh5 56. f3 Kg6 57. g4 hxg4 58. fxg4 Kf6 59. Kg2
Ke5 60. h5 Kf6 61. Kg3 Kg5 62. Kh3 Kh6 63. Kh4 Kh7 64. Kg5 Kg7 65. h6+ Kh7 66.
Kf6 Kxh6 67. g5+ Kh7 68. Kf7 Kh8 69. g6 {Nulle par pat} 1/2-1/2

[Event "Champ FRA - Under 8"]
[Site "Europe Echecs"]
[Date "2020.07.06"]
[Round "8"]
[Time "17:18:10"]
[PlyCount "62"]
[White "BuchlinAdrien"]
[Black "RaykoPauline"]
[WhiteElo "1190"]
[BlackElo "900"]
[Mode "WEB"]
[Result "1-0"]

1. e4 e5 2. Nf3 Nc6 3. Bc4 Bc5 4. Nc3 Nf6 5. d3 Nd4 6. Nxd4 Bxd4 7. Be3 Bxe3 8.
fxe3 Ng8 9. Qf3 Qh4+ 10. g3 Qf6 11. Qxf6 Nxf6 12. Rf1 Nh5 13. Bxf7+ Kf8 14.
Bxh5+ Kg8 15. Nd5 g6 16. Bg4 h5 17. Bh3 g5 18. O-O-O g4 19. Bg2 c6 20. Ne7+ Kg7
21. Rf2 Re8 22. Nf5+ Kg6 23. Rdf1 Rf8 24. Ne7+ Kg7 25. Rxf8 d6 26. R1f7+ Kh6 27.
Rh8+ Kg5 28. h4+ gxh3 29. Bxh3 h4 30. Rg8+ Kh5 31. Rh7# {RaykoPauline est échec et mat} 1-0

[Event "Champ FRA - Under 8"]
[Site "Europe Echecs"]
[Date "2020.07.06"]
[Round "8"]
[Time "17:18:10"]
[PlyCount "22"]
[White "MouradianIchrh"]
[Black "CharrierMojane"]
[WhiteElo "920"]
[BlackElo "1190"]
[Mode "WEB"]
[Result "1-0"]

1. e4 e5 2. Nf3 Nc6 3. Bc4 f6 4. Nh4 d6 5. Qh5+ g6 6. Qf3 Nd4 7. Qc3 Nc6 8. Qb3
Nd4 9. Bf7+ Kd7 10. Qc4 Nc6 11. Qe6# {CharrierMojane est échec et mat} 1-0